| 000 | 00359nam a2200121Ia 4500 | ||
|---|---|---|---|
| 008 | 170224s9999 xx 000 0 und d | ||
| 245 | _aWebsite Translation and Destination Image Marketing: A Case Study of Reunion Island | ||
| 260 | _bJournal of Hospitality & Tourism Research | ||
| 260 | _cAugust | ||
| 300 | _a40: | ||
| 500 | _aAugust | ||
| 650 | _xTourism. | ||
| 999 |
_c315643 _d315643 |
||